Competition policy, domestic and international (Record no. 134779)

MARC details
000 -LEADER
fixed length control field 00792nam a2200253Ia 4500
008 - FIXED-LENGTH DATA ELEMENTS--GENERAL INFORMATION
fixed length control field 191130s2000##################000#0#eng##
020 ## - INTERNATIONAL STANDARD BOOK NUMBER
ISBN 9781840643206
082 ## - DEWEY DECIMAL CLASSIFICATION NUMBER
Classification number 338.60480973 SCH
100 ## - MAIN ENTRY--AUTHOR NAME
Personal name Scherer, F. M
245 ## - TITLE STATEMENT
Title Competition policy, domestic and international
Statement of responsibility, etc F.M. Scherer
260 ## - PUBLICATION, DISTRIBUTION, ETC. (IMPRINT)
Place of publication Aldershot, Hants ; Brookfield, Vt
Name of publisher E. Elgar Pub
Year of publication c2000
300 ## - PHYSICAL DESCRIPTION
Number of Pages viii, 445 p. : ill. ; 24 cm
500 ## - GENERAL NOTE
General note Includes bibliographical references and index
650 ## - SUBJECT ADDED ENTRY--TOPICAL TERM
Topical Term Antitrust law
Topical Term Competition - United States
Topical Term Competition, International
Topical Term Economics
Topical Term United States - Commercial policy
991 ## -
-- 218793
Holdings
Withdrawn status Lost status Damaged status Not for loan Home library Current library Shelving location Date acquired Full call number Accession Number Price effective from Koha item type
        Anna Centenary Library Anna Centenary Library 4TH FLOOR, A WING 12.10.2020 338.60480973 SCH 359513 12.10.2020 English Books

Find us on the map